[Event "FRA-chT3 Gr8 0102"]
[Site "France"]
[Date "2002.01.20"]
[Round "5"]
[White "Miller, Vincent"]
[Black "Vekemans, Denis"]
[Result "1-0"]
[WhiteElo "2133"]
[BlackElo "2045"]
[PlyCount "43"]
[EventDate "2001.10.??"]
[EventType "team"]
[EventRounds "9"]
[EventCountry "FRA"]
[SourceTitle "EXT 2005"]
[Source "ChessBase"]
[SourceDate "2004.11.15"]
[SourceVersion "1"]
[SourceVersionDate "2004.11.15"]
[SourceQuality "1"]

1. e4 d5 2. d4 dxe4 3. Nc3 Nf6 4. f3 e3 5. Bxe3 g6 6. Qd2 Bg7 7. 0-0-0 Nbd7 8. Bh6 0-0 9. h4 c5 10. dxc5 Qa5 11. Bxg7 Kxg7 12. h5 Qxc5 13. hxg6 fxg6 14. Qh6+ Kf7 15. Nh3 Ke8 16. Bd3 Ne5 17. Bb5+ Bd7 18. Bxd7+ Nexd7 19. Rhe1 Rc8 20. Ng5 Qf5 21. Ne6 Ng8 22. Ng7+ 1-0

[Event "Avoine op 14th"]
[Site "Avoine"]
[Date "1999.??.??"]
[Round "1"]
[White "Vekemans, Denis"]
[Black "Beeckmans, Felix"]
[Result "0-1"]
[WhiteElo "2075"]
[BlackElo "2204"]
[PlyCount "62"]
[EventDate "1999.07.??"]
[EventType "swiss"]
[EventRounds "9"]
[EventCountry "FRA"]
[SourceTitle "EXT 2000"]
[Source "ChessBase"]
[SourceDate "1999.11.16"]
[SourceVersion "1"]
[SourceVersionDate "1999.11.16"]
[SourceQuality "1"]

1. e4 c5 2. b4 cxb4 3. a3 d5 4. exd5 Qxd5 5. Nf3 e5 6. d4 Nc6 7. c4 Qe4+ 8. Be2 exd4 9. 0-0 Bc5 10. Re1 Nge7 11. Nbd2 Qg6 12. Nb3 b6 13. Bd3 Qd6 14. g3 Bg4 15. Bf4 Qd7 16. Nxc5 bxc5 17. axb4 cxb4 18. Be4 0-0 19. Ra6 Rac8 20. Qa4 Rfd8 21. Nd2 Bf5 22. Bg2 d3 23. Nb3 Nd4 24. Qxb4 Nec6 25. Bxc6 Rxc6 26. Re7 Qc8 27. Raxa7 Rxc4 28. Qb7 Qxb7 29. Raxb7 Nxb3 30. Rxb3 Rxf4 31. Rxd3 Bxd3 0-1

[Event "FRA-chT"]
[Site "France"]
[Date "1998.??.??"]
[Round "3"]
[White "Vekemans, Denis"]
[Black "Pecot, Laurent"]
[Result "0-1"]
[WhiteElo "1910"]
[BlackElo "2210"]
[PlyCount "34"]
[EventDate "1998.02.06"]
[EventType "team"]
[EventRounds "11"]
[EventCountry "FRA"]
[SourceTitle "EXT 2001"]
[Source "ChessBase"]
[SourceDate "2000.11.22"]
[SourceVersion "1"]
[SourceVersionDate "2000.11.22"]
[SourceQuality "1"]

1. e4 d5 2. exd5 Nf6 3. Bb5+ Nbd7 4. c4 g6 5. Nc3 Bg7 6. c5 0-0 7. d4 Nxd5 8. Nxd5 c6 9. Bxc6 bxc6 10. Nb4 Qc7 11. Nf3 e5 12. dxe5 Nxe5 13. Nxe5 Qxe5+ 14. Be3 Qe4 15. Qd2 Qxg2 16. 0-0-0 Bf5 17. Qd6 Qe4 0-1